000 00630nam a2200217 i 4500
001 C2-0136230
003 PPAK
005 20180727124152.0
008 971213s1970 enka|||| ||||| | eng d
040 _aPPAK
_beng
_cPPAK
_erda
082 0 4 _a032
_223
090 0 0 _a032
_bCHA
_dKWI
245 0 0 _aChambers's encyclopedia :
_bFree - Church - Heine
264 1 _aLondon :
_bInternational Learning Systems Corporation ,
_c1970 ; 1973
300 _axvii, 832 pages :
_billustrations ;
_c27 cm
336 _2rdacontent
_atext
337 _2rdamedia
_aunmediated
338 _2rdacarrier
_avolume
500 _aVol. 6
942 _ddc
_cB
999 _c42866
_d42866